00426 2200169 4500001002100000005001500021035002000036245005600056100001700112300002800129260003100157082000800188084001400196020002200210990001200232990001200244INLIS00000000000292420250911030444 a0010-09250002711 aMatematika Tingkat Lanjut Kelas XII /cIman Santoso0 aIman Santoso a468 hlm ;c17,5 x 25 cm aJakarta :bErlangga,c2022 a510 a510 IMA m a978-623-180-399-3 a0755306 a0755307